Music Quiz

Random Music or Blitz Quiz
Score 0/20 Timer 02:00
0 Plays Today
% Correct
Mariah
96.3%
Miley
95.5%
Mary J.
90.7%
Missy
87.6%
Meghan
84.5%
Macy
80.6%
Mandy
78.5%
Melissa
73.2%
Miranda
72.1%
Martina
66.6%
% Correct
Maria
61.8%
Me'Shell
58.3%
Meredith
52.8%
Marianne
51.7%
Martha
51.5%
Montserrat
51.3%
Minnie
46.5%
Mahalia
46.3%
Martha
40.4%
Maria
28.3%
Remove Ads.
Support Sporcle.
Get the best of Sporcle when you Go Orange. This ad-free experience offers more features, more stats, and more fun while also helping to support Sporcle. Thank you for becoming a member.

You're not logged in!

Compare scores with friends on all Sporcle quizzes.
OR
Log In

Show Comments

Extras

Top Quizzes Today


Score Distribution

Your Account Isn't Verified!

In order to create a playlist on Sporcle, you need to verify the email address you used during registration. Go to your Sporcle Settings to finish the process.

Report this User

Report this user for behavior that violates our Community Guidelines.

Details: